| Tag |
First Indicator |
Second Indicator |
Subfields |
| LEADER |
00000cam a22000008a 4500 |
| 001 |
in00000033248 |
| 005 |
20151007060537.0 |
| 008 |
870818s1988 pauaf b 00110 eng |
| 010 |
|
|
|a 87024932
|
| 020 |
|
|
|a 0822935724
|
| 020 |
|
|
|a 0822953986 (pbk.)
|
| 035 |
|
|
|a (OCoLC)16756847
|
| 035 |
|
|
|9 AAC1102AM
|
| 040 |
|
|
|a DLC
|c DLC
|d TXA
|d UtOrBLW
|
| 043 |
|
|
|a n-us-pa
|a n-us-wv
|
| 049 |
|
|
|a TXAM
|c [A11693889]
|
| 050 |
0 |
0 |
|a HD9517.M85
|b H64 1988
|
| 082 |
0 |
|
|a 338.4/7669142/097488
|2 19
|
| 100 |
1 |
|
|a Hoerr, John P.,
|d 1930-
|
| 245 |
1 |
0 |
|a And the wolf finally came :
|b the decline of the American steel industry /
|c John P. Hoerr.
|
| 264 |
|
1 |
|a Pittsburgh, PA :
|b University of Pittsburgh Press,
|c [1988]
|
| 264 |
|
4 |
|c ©1988
|
| 300 |
|
|
|a xiv, 689 pages, 14 unnumbered pages of plates :
|b illustrations
|
| 336 |
|
|
|a text
|b txt
|2 rdacontent
|
| 337 |
|
|
|a unmediated
|b n
|2 rdamedia
|
| 338 |
|
|
|a volume
|b nc
|2 rdacarrier
|
| 490 |
1 |
|
|a Pittsburgh series in social and labor history
|
| 504 |
|
|
|a Bibliography: pages 627-680.
|
| 500 |
|
|
|a Includes index.
|
| 650 |
|
0 |
|a Steel industry and trade
|z Monongahela River Region (W.Va. and Pa.)
|
| 650 |
|
0 |
|a Steel industry and trade
|z Pennsylvania.
|
| 650 |
|
0 |
|a Steel industry and trade
|z West Virginia.
|
| 650 |
|
0 |
|a Iron and steel workers
|z Monongahela River Region (W.Va. and Pa.)
|
| 650 |
|
0 |
|a Iron and steel workers
|z Pennsylvania.
|
| 650 |
|
0 |
|a Iron and steel workers
|z West Virginia.
|
| 650 |
|
0 |
|a Collective bargaining
|z Monongahela River Region (W.Va. and Pa.)
|
| 650 |
|
0 |
|a Collective bargaining
|z Pennsylvania.
|
| 650 |
|
0 |
|a Collective bargaining
|z West Virginia.
|
| 830 |
|
0 |
|a Pittsburgh series in social and labor history.
|
| 999 |
|
|
|a MARS
|
| 999 |
f |
f |
|s b20a3321-7278-34c7-b8b8-5db32fafe6c4
|i fc3c01f0-e8f9-3d18-8c1f-11d33b2c4ec9
|t 0
|
| 952 |
f |
f |
|p ric
|a Texas A&M University
|b Rellis Campus
|c Joint Library Facility
|d Remote Storage
|t 0
|e HD9517.M85 H64 1988
|h Library of Congress classification
|i unmediated -- volume
|m A14811693889
|
| 998 |
f |
f |
|a HD9517.M85 H64 1988
|t 0
|l Remote Storage
|